South Eastern Kenya University

Library Online Public Access Catalogue


Managerial accounting (Record no. 5084)

MARC details
000 -LEADER
fixed length control field 00648cam a2200193 a 4500
020 ## - INTERNATIONAL STANDARD BOOK NUMBER
International Standard Book Number 0470038152 (cdrom)
020 ## - INTERNATIONAL STANDARD BOOK NUMBER
International Standard Book Number 9780470038154 (cdrom)
050 00 - LIBRARY OF CONGRESS CALL NUMBER
Classification number HF5657.4
Item number .J53 2007
100 1# - MAIN ENTRY--PERSONAL NAME
Personal name Jiambalvo, James,
Dates associated with a name 1948-
245 10 - TITLE STATEMENT
Title Managerial accounting /
Statement of responsibility, etc. James Jiambalvo.
250 ## - EDITION STATEMENT
Edition statement 3rd ed.
260 ## - PUBLICATION, DISTRIBUTION, ETC. (IMPRINT)
Place of publication, distribution, etc. Hoboken, NJ :
Name of publisher, distributor, etc. Wiley,
Date of publication, distribution, etc. c2007.
300 ## - PHYSICAL DESCRIPTION
Extent xxx, 594 p. :
500 ## - GENERAL NOTE
General note Includes index.
856 41 - ELECTRONIC LOCATION AND ACCESS
Uniform Resource Identifier <a href="http://www.loc.gov/catdir/toc/ecip072/2006032782.html">http://www.loc.gov/catdir/toc/ecip072/2006032782.html</a>
856 42 - ELECTRONIC LOCATION AND ACCESS
Uniform Resource Identifier <a href="http://www.loc.gov/catdir/enhancements/fy0814/2006032782-b.html">http://www.loc.gov/catdir/enhancements/fy0814/2006032782-b.html</a>
856 42 - ELECTRONIC LOCATION AND ACCESS
Uniform Resource Identifier <a href="http://www.loc.gov/catdir/enhancements/fy0814/2006032782-d.html">http://www.loc.gov/catdir/enhancements/fy0814/2006032782-d.html</a>
942 ## - ADDED ENTRY ELEMENTS (KOHA)
Source of classification or shelving scheme Library of Congress Classification
Koha item type General circulation
Holdings
Withdrawn status Lost status Source of classification or shelving scheme Damaged status Not for loan Home library Current library Shelving location Date acquired Source of acquisition Total Checkouts Full call number Barcode Date last seen Koha item type
    Library of Congress Classification     Main Campus Library Main Campus Library General Stacks 03/07/2015 DONATION FROM BOOKS FOR AFRICA   HF5657.4 .J53 2007 2015/011286 03/07/2015 General circulation
Kitui, Kenya.
+254736116989
library@seku.ac.ke